Statistics for Mega Man Robot Masters(1-10, Mega Man & Bass):Normal Quiz

Click here to take the quiz!

General Stats

  • This quiz has been taken 950 times
  • The average score is 56 of 84

Answer Stats

HintAnswer% Correct
DRN-007Fire Man
97%
DRN-005Ice Man
96%
DRN-003Cut Man
95%
DRN-008Elec Man
94%
DRN-004Guts Man
93%
DRN-006Bomb Man
92%
DWN-010Air Man
90%
DWN-016Wood Man
90%
DWN-009Metal Man
89%
DWN-011Bubble Man
88%
DWN-015Heat Man
88%
DWN-012Quick Man
87%
DWN-013Crash Man
85%
DWN-014Flash Man
84%
DWN-022Snake Man
84%
DWN-024Shadow Man
81%
DWN-020Hard Man
79%
DWN-021Top Man
79%
DWN-043Flame Man
76%
DWN-019Gemini Man
76%
DCN-032Skull Man
76%
DWN-023Spark Man
76%
DCN-026Toad Man
75%
DWN-018Magnet Man
73%
DCN-028Pharaoh Man
72%
DRN-067Splash Woman
72%
DWN-033Gravity Man
70%
DWN-044Knight Man
70%
DWN-047Wind Man
70%
DWN-017Needle Man
69%
DCN-030Dust Man
68%
DWN-039Napalm Man
68%
DWN-045Plant Man
68%
DWN-035Stone Man
68%
DCN-031Dive Man
67%
DCN-029Ring Man
67%
DWN-037Star Man
67%
DCN-025Bright Man
66%
DWN-042Centaur Man
66%
DCN-027Drill Man
66%
DWN-046Tomahawk Man
66%
DWN-060Clown Man
65%
DWN-041Blizzard Man
64%
DWN-038Charge Man
64%
DWN-048Yamato Man
64%
DWN-049Freeze Man
63%
DWN-055Shade Man
63%
DWN-057Tengu Man
63%
DWN-050Junk Man
62%
DWN-054Slash Man
62%
DWN-059Sword Man
62%
DWN-064Aqua Man
61%
DWN-036Gyro Man
61%
DWN-077Sheep Man
61%
DWN-056Turbo Man
61%
DWN-058Astro Man
60%
DWN-040Crystal Man
60%
DWN-034Wave Man
60%
DWN-052Cloud Man
59%
DRN-072Galaxy Man
59%
DWN-053Spring Man
58%
DRN-070Hornet Man
56%
DWN-051Burst Man
55%
DWN-062Frost Man
55%
DWN-073Blade Man
54%
DWN-063Grenade Man
53%
DRN-069Jewel Man
52%
KGN-006Magic Man
52%
DWN-061Search Man
52%
KGN-002Cold Man
50%
DRN-071Magma Man
50%
DRN-066Tornado Man
50%
DWN-076Chill Man
49%
DRN-065Concrete Man
49%
DWN-079Nitro Man
49%
DRN-068Plug Man
48%
DWN-080Solar Man
48%
KGN-004Pirate Man
47%
DWN-074Pump Man
47%
DWN-078Strike Man
47%
DWN-075Commando Man
46%
KGN-005Burner Man
45%
KGN-003Ground Man
43%
KGN-001Dynamo Man
41%

Score Distribution

Percentile by Number Answered

Percent of People with Each Score

Your Score History

You have not taken this quiz